000 00692nam a2200253Ia 4500
003 OSt
005 20220918174708.0
006 a|||||r|||| 00| 0
007 ta
008 220917b |||||||| |||| 00| 0 eng d
024 _a13,707
037 _cTextual
040 _aARTS
_cARTS
_beng
041 _2eng
_aeng
082 _aNR44x, L9
100 _aKuppuswamy Gowri Ed.
_951416
245 0 _aReadings on Indian music
260 _aTrivandrum
_bCollege Book House India
_c1979
300 _axiv,239p.
_ccm.
650 _aARTS
700 _a Hariharan M. Ed.
_951417
942 _hNR44x, L9
_cTEXL
_2CC
999 _c154315
_d154315